| 000 | 01337nam a22003257a 4500 | ||
|---|---|---|---|
| 003 | OSt | ||
| 005 | 20211122042101.0 | ||
| 008 | 160212b xxu||||| |||| 00| 0 eng d | ||
| 010 | _a 90019213 | ||
| 020 | _a0226092364 (alk. paper) | ||
| 020 | _a0226092372 (pbk. : alk. paper) | ||
| 040 |
_aMMU _cMMU _dMMU _beng |
||
| 050 | 0 | 0 |
_aHM24 _b.P2833 1991 |
| 082 | 0 | 0 |
_a301/.01 _220 |
| 100 | 1 |
_aParsons, Talcott, _d1902-1979. |
|
| 245 | 1 | 4 |
_aThe early essays / _cTalcott Parsons ; edited and with an introduction by Charles Camic. |
| 260 |
_aChicago : _bUniversity of Chicago Press, _c1991. |
||
| 300 |
_alxix, 299 p. ; _c24 cm. |
||
| 440 | 4 | _aThe Heritage of sociology | |
| 504 | _aIncludes bibliographical references and index. | ||
| 650 | 0 |
_aSociology _xPhilosophy. |
|
| 650 | 0 | _aSocial action. | |
| 700 | 1 | _aCamic, Charles. | |
| 856 | 4 | 2 |
_3Contributor biographical information _uhttp://www.loc.gov/catdir/enhancements/fy0609/90019213-b.html |
| 856 | 4 | 2 |
_3Publisher description _uhttp://www.loc.gov/catdir/enhancements/fy0608/90019213-d.html |
| 856 | 4 | 1 |
_3Table of contents only _uhttp://www.loc.gov/catdir/enhancements/fy0608/90019213-t.html |
| 906 |
_a7 _bcbc _corignew _d1 _eocip _f19 _gy-gencatlg |
||
| 942 |
_2lcc _cLOAN LOAN |
||
| 999 |
_c16426 _d16426 |
||